[Event "Challenge"]
[Site "http://www.queenalice.com/game.php?id=790377"]
[Date "2010.6.15"]
[Round "-"]
[White "Diemerlin"]
[Black "rodantero"]
[Result "1/2-1/2"]
[WhiteElo "2201"]
[BlackElo "2430"]

1. d4 d5 2. c4 c6 3. Nf3 e6 4. Qc2 Nf6 5. Bg5 dxc4 6. Qxc4 Nbd7 7. Nc3 Qb6 8.
O-O-O Bb4 9. a3 Bxc3 10. Qxc3 Nd5 11. Qc2 O-O 12. e4 N5f6 13. h3 1/2-1/2

[Event "Challenge"]
[Site "http://www.queenalice.com/game.php?id=830974"]
[Date "2010.9.10"]
[Round "-"]
[White "rodantero"]
[Black "Brandon"]
[Result "1/2-1/2"]
[WhiteElo "2425"]
[BlackElo "2579"]

1. e4 c5 2. Nf3 d6 3. d4 cxd4 4. Nxd4 Nf6 5. Nc3 a6 6. Bg5 e6 7. Qf3 h6 8. Be3
Nbd7 9. O-O-O Qc7 10. Qg3 b5 11. a3 Bb7 12. f3 Rc8 13. Bd3 Ne5 14. Be2 Qa5 15.
Nb3 Qc7 16. Kb1 Be7 17. Nd4 Nh5 18. Qf2 Nf6 19. Qg3 Nh5 1/2-1/2

[Event "Challenge"]
[Site "http://www.queenalice.com/game.php?id=830975"]
[Date "2010.9.10"]
[Round "-"]
[White "Brandon"]
[Black "rodantero"]
[Result "1-0"]
[WhiteElo "2621"]
[BlackElo "2438"]

1. e4 c5 2. Nf3 a6 3. c3 d5 4. exd5 Qxd5 5. d4 e6 6. Be2 Nf6 7. O-O cxd4 8. Nxd4
Bd6 9. Be3 O-O 10. Nd2 Bc7 11. Bf3 Qe5 12. g3 Nd5 13. Re1 Nxe3 14. Rxe3 Qg5 15.
Ne4 Qe7 16. Qb3 Nd7 17. Bg2 Re8 18. Rd1 Nb6 19. c4 Bd7 20. Nc3 Rab8 21. Qc2 Red8
22. Nce2 Qc5 23. Nb3 Qe7 24. Na5 Bc8 25. Rxd8+ Bxd8 26. Nd4 Nd7 27. Ndc6 bxc6
28. Nxc6 Qe8 29. Nxb8 Nxb8 30. Qe4 Bc7 31. Qa8 Qd8 32. Rb3 Qd6 33. c5 Qxc5 34.
Rxb8 Bxb8 35. Qxb8 Qc1+ 36. Bf1 Qc6 37. h4 h6 38. Bg2 Qc1+ 39. Kh2 Kh7 40. Qa8
e5 41. Qe4+ g6 42. Qxe5 Be6 43. a3 Qd2 44. Qf6 a5 45. Be4 h5 46. Kg2 Qe2 47. Qd4
Bb3 48. Bd5 Qb5 49. Bxb3 Qxb3 50. Qc3 Qb7+ 51. Qf3 Qe7 52. Qa8 f5 53. Qxa5 Qb7+
54. Kg1 Qxb2 55. Qc7+ Kh8 56. Qf4 Kg7 57. a4 Qa1+ 58. Kg2 Qc3 59. Qd6 Qc8 60.
Qd5 Kh6 61. Kh2 Kh7 62. a5 Kg7 63. Qd6 g5 64. a6 gxh4 65. a7 hxg3+ 66. Qxg3+ Kh6
67. Qb8 1-0

[Event "Challenge"]
[Site "http://www.queenalice.com/game.php?id=894963"]
[Date "2011.2.2"]
[Round "-"]
[White "rodantero"]
[Black "augustoluizheck"]
[Result "1-0"]
[WhiteElo "2434"]
[BlackElo "1476"]

1. e4 Nf6 2. Nc3 e5 3. Nf3 Bb4 4. Nxe5 Bxc3 5. dxc3 d6 6. Nf3 O-O 7. Bd3 Re8 8.
Nd2 d5 9. O-O Nc6 10. exd5 Nxd5 11. h3 Bxh3 12. gxh3 Re5 13. Nf3 Rh5 14. Re1 Qd7
15. Ng5 f6 16. Qxh5 fxg5 17. Qxh7+ Kf8 18. Bxg5 1-0

[Event "Challenge"]
[Site "http://www.queenalice.com/game.php?id=905605"]
[Date "2011.2.25"]
[Round "-"]
[White "Gabrisco"]
[Black "rodantero"]
[Result "0-1"]
[WhiteElo "2188"]
[BlackElo "2442"]

1. Nc3 e5 2. Nf3 Nc6 3. d4 exd4 4. Nxd4 Nf6 5. g3 Bc5 6. Be3 Bb6 7. Bg2 O-O 8.
O-O Re8 9. Qd2 d5 10. Rad1 Nxd4 11. Bxd4 c6 12. Qf4 Nh5 13. Qc1 Bg4 14. Rfe1 c5
15. Be3 d4 16. Na4 Qc7 17. f3 Rxe3 18. fxg4 Nf6 19. c3 Nxg4 20. cxd4 Ba5 21. Rf1
Rxe2 22. Rf4 h5 23. Bf1 Qe7 24. Nc3 Bxc3 25. Qxc3 cxd4 26. Qxd4 Re5 27. Bc4 Nf6
28. Qd6 Kf8 29. Qxe7+ Kxe7 30. a4 Rc8 31. Rdd4 Rec5 32. b3 a6 33. Rf2 Re5 34.
Kg2 b5 35. axb5 axb5 36. Bd3 Rcc5 37. Ra2 Red5 38. Ra7+ Ke6 39. Rxd5 Rxd5 40.
Ra6+ Ke5 41. Be2 Ne4 42. Bxh5 Rd2+ 43. Kg1 g6 44. Bf3 Rb2 45. Bxe4 Kxe4 46. Rf6
Rxb3 47. Rxf7 b4 48. Rb7 Kf3 49. Rf7+ Ke3 50. Rb7 Rb2 51. Kf1 b3 52. h4 Kf3 53.
Ke1 Kxg3 54. Rb4 Rb1+ 55. Kd2 Kh3 56. Kc3 Rg1 57. Kb2 Rg4 58. Rxb3+ Kxh4 59. Rb7
Rg2+ 60. Kc3 g5 61. Rh7+ Kg3 62. Kd4 g4 63. Ke3 Rf2 64. Rg7 Rf8 65. Ke4 Re8+ 66.
Kd3 Kf3 67. Rf7+ Kg2 68. Rc7 g3 69. Rg7 Kf2 70. Rf7+ Kg1 71. Rh7 g2 72. Kd2 Re5
73. Kd3 Kf2 74. Rf7+ Kg3 75. Rg7+ Kf3 0-1

[Event "World Cup!"]
[Site "http://www.queenalice.com/game.php?id=910472"]
[Date "2011.3.9"]
[Round "4"]
[White "Brandon"]
[Black "rodantero"]
[Result "1-0"]
[WhiteElo "2654"]
[BlackElo "2445"]

1. e4 c5 2. Nf3 a6 3. c3 e6 4. d4 d5 5. Nbd2 cxd4 6. cxd4 dxe4 7. Nxe4 Nc6 8.
Bd3 f5 9. Nc3 Nf6 10. O-O Bd6 11. Bc2 O-O 12. Re1 Re8 13. Bg5 Na5 14. Qb1 Kf8
15. d5 h6 16. Bh4 g5 17. dxe6 gxh4 18. Bxf5 Nc6 19. Qc2 Qc7 20. Ne4 Nxe4 21.
Rxe4 Ne5 22. Qb3 a5 23. Qe3 Nxf3+ 24. Qxf3 Ke7 25. Rd1 Ra6 26. Rxh4 Bxe6 27. Re4
Be5 28. Rde1 Bxf5 29. Qxf5 Kd8 30. g3 Qd7 31. Qxd7+ Kxd7 32. Rxe5 Rxe5 33. Rxe5
a4 34. Rd5+ Kc6 35. Rd3 Kc5 36. f4 Kc4 37. Rd7 Rb6 38. Rd2 Ra6 39. Kg2 Kc5 40.
Kf3 a3 41. bxa3 Rxa3+ 42. Ke4 Ra4+ 43. Ke5 Ra8 44. f5 Re8+ 45. Kf4 Rf8 46. g4
1-0

[Event "kasker"]
[Site "http://www.queenalice.com/game.php?id=919194"]
[Date "2011.3.29"]
[Round "3"]
[White "rodantero"]
[Black "crubiov"]
[Result "0-1"]
[WhiteElo "2441"]
[BlackElo "2582"]

1. e4 e5 2. Nf3 Nf6 3. Nxe5 d6 4. Nf3 Nxe4 5. Nc3 Nf6 6. d4 d5 7. Bd3 Be7 8. Bf4
O-O 9. Qd2 Nh5 10. Be3 c6 11. O-O-O Na6 12. Ne5 f6 13. Nf3 Bd6 14. h3 Qc7 15. g3
f5 16. Bxa6 bxa6 17. Ne5 Rb8 18. Rde1 Nf6 19. f3 c5 20. g4 f4 21. Bg1 c4 22. Bh2
Qb6 23. b3 Bb4 24. Bxf4 Rb7 25. Qe3 a5 26. Bg3 a4 27. Nxa4 Qa6 28. Re2 Ba3+ 29.
Kd1 Bd6 30. Rg1 Bb4 31. Be1 Ba3 32. Bc3 Re7 33. Nc5 Qb5 34. Rge1 a5 35. Ne6 Rxe6
36. Bd2 Nd7 37. f4 Nxe5 38. fxe5 a4 39. Rg2 cxb3 40. axb3 Be7 41. bxa4 Qxa4 42.
g5 Rb6 43. Bc1 Rb1 44. g6 Ba3 45. gxh7+ Kh8 46. Kd2 Qa5+ 47. c3 Bxc1+ 48. Rxc1
Rxc1 0-1

[Event "Challenge"]
[Site "http://www.queenalice.com/game.php?id=939347"]
[Date "2011.5.17"]
[Round "-"]
[White "Tuhers"]
[Black "rodantero"]
[Result "0-1"]
[WhiteElo "1405"]
[BlackElo "2441"]

1. h3 e5 2. Nf3 e4 3. Nd4 d5 4. e3 c5 5. Nb3 Nc6 6. Bb5 Nf6 7. Bxc6+ bxc6 8. g4
Nd7 9. a4 h5 10. gxh5 Ne5 11. h4 Bg4 12. Qxg4 Nxg4 13. Nc3 Rxh5 14. Ne2 Rxh4 15.
Rg1 Bd6 16. d4 Qf6 17. f4 exf3 18. Rf1 Rh2 19. Ng1 f2+ 20. Kd1 fxg1=Q 21. Rxg1
Qf3+ 22. Ke1 Qf2+ 0-1

[Event "kasker-2"]
[Site "http://www.queenalice.com/game.php?id=1026766"]
[Date "2012.2.6"]
[Round "1"]
[White "rodantero"]
[Black "Miraguaiov"]
[Result "1/2-1/2"]
[WhiteElo "2436"]
[BlackElo "2470"]

1. e4 e5 2. Nf3 Nf6 3. Nc3 Nc6 4. d4 exd4 5. Nxd4 Bb4 6. Nxc6 bxc6 7. Bd3 O-O 8.
O-O d5 9. exd5 cxd5 10. Bg5 c6 11. Qf3 Rb8 12. Bxf6 Qxf6 13. Qxf6 gxf6 14. Ne2
c5 15. Nf4 c4 16. Be2 Re8 17. Bf3 d4 18. Nd5 Kg7 19. Nxb4 Rxb4 20. b3 Bf5 21.
Rfd1 c3 22. Rac1 Rd8 23. Be2 Rb6 24. Bd3 Bd7 1/2-1/2

[Event "Challenge"]
[Site "http://www.queenalice.com/game.php?id=1061649"]
[Date "2012.5.19"]
[Round "-"]
[White "leoskye"]
[Black "rodantero"]
[Result "0-1"]
[WhiteElo "2099"]
[BlackElo "2437"]

1. d4 f5 2. c4 e6 3. Nc3 d5 4. e3 Nf6 5. Nf3 c6 6. Bd3 Bd6 7. b3 O-O 8. Bb2 Ne4
9. Qc2 b6 10. a3 Bb7 11. Ne2 Nd7 12. O-O c5 13. Rfd1 Rc8 14. Rac1 Qe7 15. Ne5
dxc4 16. bxc4 cxd4 17. exd4 Nxf2 18. Kxf2 Nxe5 19. dxe5 Bc5+ 20. Kf1 Qh4 21. g3
Qxh2 22. Bd4 Bg2+ 23. Ke1 Bxd4 24. Nxd4 Qg1+ 25. Ke2 Qxd4 26. Qc3 Qg4+ 27. Kd2
Rfd8 28. Kc2 Rxd3 29. Rxd3 Rxc4 0-1

[Event "A"]
[Site "http://www.queenalice.com/game.php?id=1075484"]
[Date "2012.6.23"]
[Round "-"]
[White "rodantero"]
[Black "Kir"]
[Result "1-0"]
[WhiteElo "2438"]
[BlackElo "1975"]

1. e4 Nc6 2. c4 e5 3. Nf3 Bc5 4. Nc3 d6 5. d3 f5 6. Bg5 Nge7 7. Be2 h6 8. Bd2
O-O 9. O-O Rb8 10. a3 Nd4 11. b4 Bb6 12. Nxd4 Bxd4 13. Rc1 c6 14. Bh5 Be6 15.
Ne2 1-0

[Event "Challenge"]
[Site "http://www.queenalice.com/game.php?id=1086146"]
[Date "2012.7.23"]
[Round "-"]
[White "Gabrisco"]
[Black "rodantero"]
[Result "0-1"]
[WhiteElo "2300"]
[BlackElo "2444"]

1. e4 c5 2. Nf3 a6 3. Nc3 d6 4. d4 cxd4 5. Nxd4 Nf6 6. Be2 e5 7. Nb3 Be7 8. Qd3
O-O 9. O-O Nc6 10. Nd5 Nxd5 11. exd5 Nb8 12. Be3 Nd7 13. Rad1 f5 14. f4 g6 15.
fxe5 Nxe5 16. Qd2 b5 17. Nd4 Bd7 0-1

[Event "Challenge"]
[Site "http://www.queenalice.com/game.php?id=1087429"]
[Date "2012.7.27"]
[Round "-"]
[White "jovelino"]
[Black "rodantero"]
[Result "0-1"]
[WhiteElo "2217"]
[BlackElo "2442"]

1. e4 c5 2. Nf3 a6 3. c4 e6 4. Nc3 Qc7 5. d4 cxd4 6. Nxd4 Nf6 7. Be2 Bb4 8. Qd3
O-O 9. O-O d6 10. Bg5 Nbd7 11. Bxf6 Nxf6 12. Rac1 b6 13. a3 Bc5 14. Nb3 Bb7 15.
Nxc5 dxc5 16. Bf3 Rad8 17. Qe3 Nd7 18. b3 Ne5 19. Be2 Nc6 20. Rcd1 Nd4 21. Rb1
f5 22. exf5 exf5 23. f4 Rfe8 24. Qf2 Nxe2+ 25. Nxe2 Rd2 26. Rfe1 Qe7 0-1

[Event "Challenge"]
[Site "http://www.queenalice.com/game.php?id=1087476"]
[Date "2012.7.28"]
[Round "-"]
[White "rodantero"]
[Black "jovelino"]
[Result "1-0"]
[WhiteElo "2445"]
[BlackElo "2230"]

1. e4 c5 2. d4 cxd4 3. c3 dxc3 4. Nxc3 Nc6 5. Nf3 d6 6. Bc4 e6 7. O-O a6 8. Qe2
b5 9. Bb3 Ra7 10. Be3 Rd7 11. Nxb5 axb5 12. Qxb5 Bb7 13. Ba4 Qa8 14. Rac1 Nge7
15. Nd4 Ba6 16. Qb6 Bxf1 17. Nxc6 Nxc6 18. Bxc6 Qd8 19. Bxd7+ 1-0

[Event "Challenge"]
[Site "http://www.queenalice.com/game.php?id=1088479"]
[Date "2012.7.29"]
[Round "-"]
[White "mowliid12"]
[Black "rodantero"]
[Result "0-1"]
[WhiteElo "2065"]
[BlackElo "2440"]

1. d4 f5 2. c4 e6 3. Nc3 d5 4. e3 Nf6 5. Nf3 c6 6. Bd3 Bd6 7. cxd5 exd5 8. O-O
O-O 9. Bd2 Ne4 10. Ne5 Be6 11. f4 Nd7 12. Bxe4 dxe4 13. a3 Be7 14. b4 Qc7 15.
Rc1 Rac8 16. Na4 Nxe5 17. fxe5 b6 18. Nc3 Qd7 19. Ne2 c5 20. Nf4 g6 21. Bc3 cxb4
22. axb4 Bc4 23. Re1 g5 24. Nh5 Qd5 25. g4 f4 26. Qd2 f3 27. Kf2 Rc6 28. Ng3
Rfc8 29. Nf5 Bf8 30. h4 Bd3 31. hxg5 Rxc3 32. Rxc3 Rxc3 33. Qxc3 Qa2+ 34. Kg3
Qg2+ 35. Kf4 f2 36. Qb3+ Kh8 37. Qf7 Qf3# 0-1

[Event "Challenge"]
[Site "http://www.queenalice.com/game.php?id=1088480"]
[Date "2012.7.29"]
[Round "-"]
[White "rodantero"]
[Black "mowliid12"]
[Result "1-0"]
[WhiteElo "2439"]
[BlackElo "2055"]

1. e4 c5 2. d4 cxd4 3. c3 dxc3 4. Nxc3 e6 5. Nf3 a6 6. Bc4 Nc6 7. O-O d6 8. Qe2
Qc7 9. Rd1 Nf6 10. Bf4 Be7 11. Rac1 O-O 12. Bb3 b5 13. Nd5 exd5 14. exd5 Nd4 15.
Nxd4 Qd8 16. Nc6 Qd7 17. Qxe7 Qf5 18. Bxd6 Bd7 19. Qxf8+ Rxf8 20. Ne7+ Kh8 21.
Nxf5 Bxf5 22. Bxf8 1-0

[Event "kasker-2"]
[Site "http://www.queenalice.com/game.php?id=1088985"]
[Date "2012.7.31"]
[Round "2"]
[White "Kuarwaki"]
[Black "rodantero"]
[Result "1-0"]
[WhiteElo "2599"]
[BlackElo "2449"]

1. c4 e5 2. Nc3 c6 3. Nf3 Qa5 4. e3 Nf6 5. Qc2 Bb4 6. Be2 d6 7. O-O O-O 8. Na4
Qd8 9. a3 Ba5 10. b4 Bc7 11. Bb2 Qe7 12. h3 Re8 13. Rac1 h6 14. Rfd1 e4 15. Nd4
a6 16. d3 c5 17. Nb3 cxb4 18. axb4 Nc6 19. Bxf6 Qxf6 20. dxe4 Nxb4 21. Qc3 Qxc3
22. Nxc3 g6 23. Rb1 Kg7 24. Nd4 Nc6 25. Nd5 Nxd4 26. Rxd4 Ba5 27. Kf1 Ra7 28.
Bg4 Bxg4 29. hxg4 Rc8 30. Ra1 Bd8 31. Ra4 Rc5 32. Rd2 b6 33. Nc3 Be7 34. Ke2 a5
35. Rd5 Rc6 36. Rb5 Bd8 37. Nd5 Ra8 38. Kd3 Rc5 39. Rxc5 dxc5 40. e5 Rc8 41. f4
Rb8 42. Ra2 Rb7 43. Rb2 Kf8 44. Ke4 Kg8 45. g3 Rb8 46. Nc3 Kg7 47. Kd5 1-0